Grand National Winning Jockey's Since 1970 - Statistics

General Stats
  • This quiz has been taken 69 times
    61 since last reset
  • The average score is 19 of 48
Answer Stats
Year Horse Jockey % Correct
2010 Don't Push It Tony McCoy
88%
2000 Papillon Ruby Walsh
80%
2005 Hedgehunter Ruby Walsh
80%
1981 Aldaniti Bob Champion
71%
1973 Red Rum Brian Fletcher
63%
1974 Red Rum Brian Fletcher
63%
1996 Rough Quest Mick Fitzgerald
61%
1986 West Tip Richard Dunwoody
61%
1994 Miinnehoma Richard Dunwoody
61%
1999 Bobbyjo Paul Carberry
57%
1975 L'Escargot Tommy Carberry
57%
1977 Red Rum Tommy Stack
57%
2018 Tiger Roll Davy Russell
51%
1978 Lucius Bob Davies
43%
1985 Last Suspect Hywel Davies
43%
2006 Numbersixvalverde Niall Madden
41%
2003 Monty's Pass Barry Geraghty
39%
2001 Red Marauder Richard Guest
39%
1983 Corbiere Ben De Haan
37%
1982 Grittar Dick Saunders
37%
2009 Mon Mome Liam Treadwell
37%
2008 Comply Or Die Timmy Murphy
37%
1997 Lord Gyllene Tony Dobbin
37%
1992 Party Politics Carl Llewellyn
35%
1998 Earth Summit Carl Llewellyn
35%
2004 Amberleigh House Graham Lee
35%
1989 Little Polveir Jimmy Frost
35%
2014 Pineau de Re Leighton Aspell
35%
2015 Many Clouds Leighton Aspell
35%
1984 Hallo Dandy Neale Doughty
35%
1990 Mr Frisk Marcus Armytage
33%
1988 Rhyme 'n' Reason Brendan Powell
31%
1995 Royal Athlete Jason Titley
27%
2013 Auroras Encore Ryan Mania
27%
1980 Ben Nevis Charlie Fenwick
25%
2012 Neptune Collonges Daryl Jacob
25%
2011 Ballabriggs Jason Maguire
25%
1991 Seagram Nigel Hawke
25%
1987 Maori Venture Steve Knight
25%
2016 Rule The World David Mullins
22%
1979 Rubstic Maurice Barnes
22%
2017 One For Arthur Derek Fox
20%
1972 Well To Do Graham Thorner
20%
1976 Rag Trade John Burke
20%
2007 Silver Birch Robbie Power
20%
2002 Bindaree Jim Culloty
18%
1970 Gay Trip Pat Taaffe
16%
1971 Specify John Cook
10%
No matching quizzes found
Score Distribution
Percent of People with Each Score
Percentile by Number Answered
Your Score History
You have not taken this quiz since the last reset